Normal view
MARC view
- Asia aflame;communism in the east
Entry Topical Term
001 - CONTROL NUMBER
- control field: 104968
003 - CONTROL NUMBER IDENTIFIER
- control field: NUST
005 - DATE AND TIME OF LATEST TRANSACTION
- control field: 20221215133405.0
008 - FIXED-LENGTH DATA ELEMENTS
- fixed length control field: 221215|| aca||aabn | a|a d
040 ## - CATALOGING SOURCE
- Original cataloging agency: NUST
- Transcribing agency: NUST
150 ## - HEADING--TOPICAL TERM
- Topical term or geographic name entry element: Asia aflame;communism in the east
670 ## - SOURCE DATA FOUND
- Source citation: Work cat.: (NUST)184211: Vlugt, Ebed Van Der 104967, Asia aflame :, 1953
